Capital budgeting decision (Record no. 694613)

MARC details
000 -LEADER
fixed length control field 00862nam a2200289Ia 4500
003 - CONTROL NUMBER IDENTIFIER
control field OSt
005 - DATE AND TIME OF LATEST TRANSACTION
control field 20220927105756.0
008 - FIXED-LENGTH DATA ELEMENTS--GENERAL INFORMATION
fixed length control field 220926b |||||||| |||| 00| 0 eng d
020 ## - INTERNATIONAL STANDARD BOOK NUMBER
International Standard Book Number 9780415400046
037 ## - SOURCE OF ACQUISITION
Terms of availability Reference Collections
040 ## - CATALOGING SOURCE
Original cataloging agency RTL
Transcribing agency RTL
Language of cataloging eng
041 ## - LANGUAGE CODE
Source of code eng
Language code of text/sound track or separate title eng
100 ## - MAIN ENTRY--PERSONAL NAME
Personal name BIERMAN Harold
9 (RLIN) 374971
245 #0 - TITLE STATEMENT
Title Capital budgeting decision
Remainder of title Economic analysis of investment projects
250 ## - EDITION STATEMENT
Edition statement 9th
260 ## - PUBLICATION, DISTRIBUTION, ETC.
Place of publication, distribution, etc. New
Name of publisher, distributor, etc. "York, Routledge, "
Date of publication, distribution, etc. 2007
300 ## - PHYSICAL DESCRIPTION
Extent "xx, 402p"
Dimensions cm.
490 ## - SERIES STATEMENT
Series statement Routledge Perspectives on Development
500 ## - GENERAL NOTE
General note Bibliography: P 285-309
700 ## - ADDED ENTRY--PERSONAL NAME
Personal name SMIDT Seymour
9 (RLIN) 374972
942 ## - ADDED ENTRY ELEMENTS (KOHA)
Classification part "X:8E, K0;P7"
Koha item type
Holdings
Withdrawn status Lost status Damaged status Not for loan Home library Current library Date acquired Total Checkouts Full call number Barcode Date last seen Price effective from Koha item type
        Ratan Tata Library Ratan Tata Library 2022-09-27   "X:8E K0;P7" RT1459437 2022-09-27 2022-09-27  
Copyright @ Delhi University Library System